<?xml version="1.0" encoding="UTF-8"?><?xml-stylesheet type="text/xsl" href="static/style.xsl"?><OAI-PMH xmlns="http://www.openarchives.org/OAI/2.0/" xmlns:xsi="http://www.w3.org/2001/XMLSchema-instance" xsi:schemaLocation="http://www.openarchives.org/OAI/2.0/ http://www.openarchives.org/OAI/2.0/OAI-PMH.xsd"><responseDate>2026-04-17T03:08:36Z</responseDate><request verb="GetRecord" identifier="oai:www.recercat.cat:2117/119060" metadataPrefix="marc">https://recercat.cat/oai/request</request><GetRecord><record><header><identifier>oai:recercat.cat:2117/119060</identifier><datestamp>2025-07-17T15:34:45Z</datestamp><setSpec>com_2072_1033</setSpec><setSpec>col_2072_452951</setSpec></header><metadata><record xmlns="http://www.loc.gov/MARC21/slim" xmlns:dcterms="http://purl.org/dc/terms/" xmlns:xsi="http://www.w3.org/2001/XMLSchema-instance" xmlns:doc="http://www.lyncode.com/xoai" xsi:schemaLocation="http://www.loc.gov/MARC21/slim http://www.loc.gov/standards/marcxml/schema/MARC21slim.xsd">
   <leader>00925njm 22002777a 4500</leader>
   <datafield ind2=" " ind1=" " tag="042">
      <subfield code="a">dc</subfield>
   </datafield>
   <datafield ind2=" " ind1=" " tag="720">
      <subfield code="a">Carmona Burillo, Víctor</subfield>
      <subfield code="e">author</subfield>
   </datafield>
   <datafield ind2=" " ind1=" " tag="260">
      <subfield code="c">2018-01</subfield>
   </datafield>
   <datafield ind2=" " ind1=" " tag="520">
      <subfield code="a">En el interior de un centro de procesamiento de datos (CPD) se encuentran diferentes equipos informáticos y de comunicaciones, que al igual que en otros equipos electrónicos cuando están en funcionamiento, algunos de sus componentes disipan calor a la estancia por medio del efecto Joule. Para solventar la problemática del incremento de temperatura se cuenta con un sistema de ventilación que garantice el correcto funcionamiento de los equipos. El objetivo del trabajo será obtener la distribución de la temperatura del aire en el interior de una Base Transceiver Station (BTS) para diferentes configuraciones de un escenario con ventilación forzada. La herramienta de trabajo que se utiliza para llevar a cabo este estudio en Dinámica de Fluidos Computacional (CFD) es la librería OpenFoam en concreto la interfaz de usuario gráfica Helyx-Os.&#xd;
En primer lugar, se realiza una introducción teórica de las ecuaciones que rigen la dinámica de fluidos y de los modelos para afrontar flujos turbulentos. A continuación, se realiza una introducción del uso de la interfaz gráfica Helyx-Os explicando las partes que la conforman. Para finalizar, se utilizará Helyx-Os para el estudio de cuatro configuraciones que consisten en un escenario de invierno donde se utiliza la baja entalpia del ambiente para refrigerar el aire interior de la BTS, también denominado como free cooling.</subfield>
   </datafield>
   <datafield tag="653" ind2=" " ind1=" ">
      <subfield code="a">Àrees temàtiques de la UPC::Enginyeria mecànica</subfield>
   </datafield>
   <datafield tag="653" ind2=" " ind1=" ">
      <subfield code="a">Computational fluid dynamics</subfield>
   </datafield>
   <datafield tag="653" ind2=" " ind1=" ">
      <subfield code="a">Dinàmica de fluids computacional</subfield>
   </datafield>
   <datafield ind2="0" ind1="0" tag="245">
      <subfield code="a">Estudio de la climatización de un centro de procesamiento de datos (CPD)</subfield>
   </datafield>
</record></metadata></record></GetRecord></OAI-PMH>